Apuntes sobre la vieja y la nueva historia de Nicaragua /

Wedi'i Gadw mewn:
Manylion Llyfryddiaeth
Prif Awdur: Valle Martínez, Marco A
Fformat: Texto
Pynciau:
Tagiau: Ychwanegu Tag
Dim Tagiau, Byddwch y cyntaf i dagio'r cofnod hwn!

MARC

LEADER 00000 a a2200000 04500
001 15723
003
040
100 |a Valle Martínez, Marco A  
245 |a Apuntes sobre la vieja y la nueva historia de Nicaragua /  |c Marco A Valle Martínez 
650 |a HISTORIA  
650 |a HISTORIOGRAFIA  
650 |a DISCURSOS  
650 |a IDEOLOGIAS  
773 |g volumen 1, número 1; páginas 1-20  
999 |c 31898  |d 31898